000 00409nam a22001697a 4500
005 20180323163406.0
008 160621b xxu||||| |||| 00| 0 eng d
020 _a978-81-203-2060-4
041 _aeng
082 _b8799
_a338.5024658
100 _aPeterson,H,Craig and Lewis. W.Cries
_94229
245 _aManagerial Economics
260 _aPHI
300 _a659
650 _aManagement
_9241
942 _cBK
999 _c3430
_d3429